LEADER 01023nam a2200289 i 4500 001 000000158818 003 CaOOAMICUS 005 20240424162953.0 008 070213s1990 it u000 u ita u 013 $a136181 020 $a88-18-06065-1 040 $aSeMil$bita 100 1 $aUlivi, Ferruccio,$d<1912-2002>.$0(OLS)http://semarc/name/17349 245 12$aL'anello :$bromanzo /$cFerruccio Ulivi. 260 $aMilano :$bRusconi,$c1990. 300 $a135 p. ;$c22 cm. 490 0 $aNarrativa Rusconi 500 $aFondo Card. Giovanni Colombo. 830 0$aNarrativa Rusconi.$0(OLS)http://semarc/title/7305 850 $aSeMil 852 $aSeMil$W1$xVenegono$y1$m1H IV 19$j110423$B110423$CSeMilBibl$Z2$F120067 $81 941 1 $a3 961 $aLascito: Colombo Card. Giovanni 996 $6020$a88-18-06065-1$9(OLS)http://semarc/number/74294 996 $6245$aL'anello :$bromanzo$9(OLS)http://semarc/title/140491 996 $6260$aMilano :$bRusconi$9(OLS)http://semarc/publisher/30258 LEADER 01206nam a2200277 i 4500 001 000000162431 003 CaOOAMICUS 005 20070622000000.0 008 070622s2007 it u000 u ita u 013 $a139795 020 $a978-88-311-0150-9 040 $aSeMil$bita 100 1 $aMichelis, Angela.$0(OLS)http://semarc/name/29245 245 10$aLibertà e responsabilità :$bla filosofia di Hans Jonas /$cAngela Michelis. 260 $aRoma :$bCittà Nuova,$c2007. 300 $a359 p. :$bill. ;$c21 cm. 490 0 $aIdee. Filosofia. Nuova serie ;$v149 500 $aContiene : Bibliografia (p. 255-347). 650 4$aJonas, Hans <1903-1993> - Pensiero filosofico.$0(OLS)http://semarc/subject/17823 830 0$aIdee. Filosofia. Nuova serie ;$v149.$0(OLS)http://semarc/title/5903 850 $aSeMil 852 $aSeMil$W1$xVenegono$y1$m2Q II 384$j113775$B113775$CSeMilBibl$Z2$F124463 $81 961 $aSottoscrizione: Città Nuova (Agente) 996 $6020$a978-88-311-0150-9$9(OLS)http://semarc/number/78590 996 $6245$aLibertà e responsabilità :$bla filosofia di Hans Jonas$9(OLS)http://semarc/title/146107 996 $6260$aRoma :$bCittà Nuova$9(OLS)http://semarc/publisher/29609